| 000 | 00692nam a2200217 a 4500 | ||
|---|---|---|---|
| 001 | 000837520 | ||
| 003 | AM-YeHGA | ||
| 005 | 20250618073958.0 | ||
| 008 | 111012s1984 ru r 000 0 rus d | ||
| 040 | _aAM-YeHGA | ||
| 041 | 1 | _arus | |
| 100 | 1 |
_aՄոեմ, Սոմերսեթ, _d1874-1965 _98655 |
|
| 245 | 1 | 0 |
_aЛуна и грош : _bРоман / _cСомерсет Моэм. |
| 260 |
_aКишинев : _bЛитература артистикэ, _c1984. |
||
| 300 | _a575 с. | ||
| 653 | 0 | _aАнглийская литература | |
| 740 | 0 | 2 | _aПироги и пиво, или скелет а шкафу |
| 740 | 0 | 2 | _aТеатр |
| 740 | 0 | 2 | _aРассказы |
| 090 | _c302621 | ||
| 999 |
_c300922 _d300922 |
||